Zborník zo stretnutia priatel'ov histórie Novohradu 2025
| Titel: | Zborník zo stretnutia priatel'ov histórie Novohradu 2025 : Hradište : 27. november 2025 : zostavil: Mišo Šesták |
|---|---|
| Teil: | 1. Jubilejná čast' I. |
| Verfasser: | |
| Veröffentlicht: | [Hradište] : Priatelia histórie Novohradu : PreHradište, 2025 |
| Umfang: | Seite 324-751 : Illustrationen, Karten, Diagramme |
| Format: | Buch |
| Sprache: | Slowakisch |
| Schriftenreihe/ mehrbändiges Werk: |
Zborník zo stretnutia priatel'ov histórie Novohradu 2025 ; 1 alle Bände anzeigen
|
| ISBN: | 9788069055100 |
alg: 54157332 001A $03004:26-01-26 001B $03004:26-01-26 $t11:28:20.000 001D $03004:26-01-26 001U $0utf8 001X $00 002@ $0Afu 002C $aText $btxt $2rdacontent 002D $aohne Hilfsmittel zu benutzen $bn $2rdamedia 002E $aBand $bnc $2rdacarrier 003@ $0541573322 004A $A978-80-69055-10-0 010@ $aslo 010E $erda 011@ $a2025 013D $RWissenschaftliche Literatur $RAufsatzsammlung $#Konferenzbericht $71071861417 $8Konferenzschrift [Tsz] $9359646190 021A $aJubilejná čast' I. 028A $BZusammenstellender $4com $71080215190 $8Šesták, Mišo$Z20./21. Jh. [Tp3] $9367730219 033A $p[Hradište] $nPriatelia histórie Novohradu : PreHradište 034D $aSeite 324-751 034M $aIllustrationen, Karten, Diagramme 036C $aZborník zo stretnutia priatel'ov histórie Novohradu 2025 $dHradište : 27. november 2025 : zostavil: Mišo Šesták $x11 $l1 036D $x11 $8Zborník zo stretnutia priatel'ov histórie Novohradu 2025 : Hradište : 27. november 2025 : zostavil: Mišo Šesták $9541563963 037A $aLiteraturangaben 044K $74566671-4 $8Novohrad [Tg1] $9090744322 044K $RWeltkrieg $#World War, 1939-1945 $#Guerre mondiale (1939-1945) $#Weltkrieg 1939-1945 $#2. Weltkrieg $#Weltkrieg 2 $#II. Weltkrieg $#Weltkrieg II $74079167-1 $8Zweiter Weltkrieg [Tsz] $9085224618 044K $RKrieg $RGuerilla $#Guerrilla warfare $#Guérilla $74173446-4 $8Partisanenkrieg [Ts1] $9085805203 045F $a355.00943730904 $eDDC23BSB 045F/01 $a355.009 045F/03 $f0904 045F/03 $g4373 045R $aGeschichte 1939-1980 lok: 54157332 24 exp: 54157332 24 1 #EPN 201B/01 $026-01-26 $t11:26:15.000 201C/01 $026-01-26 201U/01 $0utf8 203@/01 $01332796885 208@/01 $a26-01-26 $bz 209A/01 $a26.00040 $du $f050 $h26 00040 $x00 209C/01 $a26.00040 K $h26 00040 K 209G/01 $a74854516 $x00 220C/01 $akoe 247C/01 $8358050-7Marburg, Bibliothek des Herder-Instituts Marburg $9102600961
| LEADER | 00000cam a2200000 cc4500 | ||
|---|---|---|---|
| 001 | 541573322 | ||
| 003 | DE-603 | ||
| 005 | 20260126112820.0 | ||
| 007 | tu | ||
| 008 | 260126s2025 xx |||| | u10||u|slo c | ||
| 020 | |a 9788069055100 | ||
| 035 | |a (DE-599)HEB541573322 | ||
| 040 | |a DE-603 |b ger |c DE-603 |d DE-603 |e rda | ||
| 041 | |a slo | ||
| 082 | 0 | 4 | |8 1\u |a 355.00943730904 |q DE-101 |2 23/BSB |
| 085 | |8 1\u |b 355.009 | ||
| 085 | |8 1\u |z 1 |s 0904 | ||
| 085 | |8 1\u |z 2 |s 4373 | ||
| 100 | 1 | |a Šesták, Mišo |d 20./21. Jh. |e Zusammenstellender |4 com |0 (DE-603)367730219 |0 (DE-588)1080215190 |2 gnd | |
| 245 | 0 | 0 | |a Zborník zo stretnutia priatel'ov histórie Novohradu 2025 |b Hradište : 27. november 2025 : zostavil: Mišo Šesták |n 1 |p Jubilejná čast' I. |
| 264 | 1 | |a [Hradište] |b Priatelia histórie Novohradu : PreHradište |c 2025 | |
| 300 | |a Seite 324-751 |b Illustrationen, Karten, Diagramme | ||
| 336 | |a Text |b txt |2 rdacontent | ||
| 337 | |a ohne Hilfsmittel zu benutzen |b n |2 rdamedia | ||
| 338 | |a Band |b nc |2 rdacarrier | ||
| 500 | |a Literaturangaben | ||
| 648 | 7 | |a Geschichte 1939-1980 |2 gnd | |
| 650 | 7 | |a Zweiter Weltkrieg |0 (DE-588)4079167-1 |0 (DE-603)085224618 |2 gnd | |
| 650 | 7 | |a Partisanenkrieg |0 (DE-588)4173446-4 |0 (DE-603)085805203 |2 gnd | |
| 651 | 7 | |a Novohrad |0 (DE-588)4566671-4 |0 (DE-603)090744322 |2 gnd | |
| 655 | 7 | |a Konferenzschrift |2 gnd-content |0 (DE-588)1071861417 |0 (DE-603)359646190 | |
| 773 | 0 | 8 | |q 11 |w (DE-603)541563963 |
| 924 | 0 | |9 Mb 50 |a (DE-603)1332796885 |b DE-Mb50 |c HES |d c |g 26.00040 | |
alle Bände anzeigen

